| 000 | 00409nam a2200133Ia 4500 | ||
|---|---|---|---|
| 008 | 231221s9999 xx 000 0 und d | ||
| 020 | _a978-0-387-23484-7 | ||
| 041 | _aEnglish | ||
| 100 | _aJerzy Pejas, Andrzej Piegat | ||
| 245 | 0 | _aEnhanced Methods in Computer Security, Biometric and Artificial Intelligence Systems | |
| 260 |
_c2005 _bSpringer US _aNew York |
||
| 650 | _aComputer Science | ||
| 942 | _cEB | ||
| 999 |
_c217998 _d217998 |
||